ბათუმის შოთა რუსთაველის სახელმწიფო უნივერსიტეტის ბიბლიოთეკა

Edebiyat Üzerine Makaleler / (ბიბ.ჩანაწერი № 61381)

000 -LEADER
fixed length control field 00582nam a22001817a 4500
005 - DATE AND TIME OF LATEST TRANSACTION
control field 20240304113137.0
008 - FIXED-LENGTH DATA ELEMENTS--GENERAL INFORMATION
fixed length control field 240304s2005 tu ||||| |||| 00| 0 tur d
020 ## - INTERNATIONAL STANDARD BOOK NUMBER
International Standard Book Number 9757462187
041 ## - LANGUAGE CODE
Language code of text/sound track or separate title tur
080 ## - UNIVERSAL DECIMAL CLASSIFICATION NUMBER
Universal Decimal Classification number 821.512.164 T-19
100 ## - MAIN ENTRY--PERSONAL NAME
Personal name Tanpınar, Ahmet Hamdi
9 (RLIN) 21306
245 ## - TITLE STATEMENT
Title Edebiyat Üzerine Makaleler /
Statement of responsibility, etc. Ahmet Hamdi Tanpınar.
264 ## - PRODUCTION, PUBLICATION, DISTRIBUTION, MANUFACTURE, AND COPYRIGHT NOTICE
Place of production, publication, distribution, manufacture Istanbul,
Date of production, publication, distribution, manufacture, or copyright notice 2005.
300 ## - PHYSICAL DESCRIPTION
Extent 535 p.
Other physical details 24 cm.
653 ## - INDEX TERM--UNCONTROLLED
keyword სტატიები ლიტერატურაზე
653 ## - INDEX TERM--UNCONTROLLED
keyword თურქული ლიტერატურა
942 ## - ADDED ENTRY ELEMENTS (KOHA)
Source of classification or shelving scheme
Koha item type წიგნი
ეგზემპლარები
Withdrawn status Lost status Source of classification or shelving scheme Damaged status Not for loan Permanent Location Current Location Shelving location Date acquired Cost, normal purchase price Full call number Barcode Date last seen Copy number Price effective from Koha item type Public note
          ბათუმის შოთა რუსთაველის სახელმწიფო უნივერსიტეტის მთავარი ბიბლიოთეკა ბათუმის შოთა რუსთაველის სახელმწიფო უნივერსიტეტის მთავარი ბიბლიოთეკა წიგნსაცავი 2024-03-04 10.00 821.512.164 T-19 67609 2024-03-04 67609 2024-03-04 წიგნი 10 ლ.